Matyólakodalom

Správa o úspešnej premiére divadelnej hry autora - rodáka z Humenného, Alexandra (Sándor) Garamszegy v Budapesti v Nemzeti szinház [Národné divadlo]. [Menovaný je rodák z Humenného], kde ako ochotníkovi mu bola predpovedaná úspešná kariera.

Podrobná bibliografia
Médium: Článok
Jazyk:Hungarian
Témy:
Zdroj: 1. Homonna és Vidéke : Hetilap 1. Roč. 14, č. 3 (18.01.1914) s. 2
LEADER 01081nab#a2200301#ar4500
001 000072265
003 SVKKK
005 20020518xxxxxxx.
008 06 c xo huno
FMT
038 |a SVKKK 
040 |a SVKKK  |b slo  |e AACR2 
041 0 |a hun 
044 |a xo  |c SK 
080 |a 792 
245 0 0 |a Matyólakodalom 
500 |a mikrofilm 
520 2 |a Správa o úspešnej premiére divadelnej hry autora - rodáka z Humenného, Alexandra (Sándor) Garamszegy v Budapesti v Nemzeti szinház [Národné divadlo]. [Menovaný je rodák z Humenného], kde ako ochotníkovi mu bola predpovedaná úspešná kariera. 
650 0 4 |a Matyólakodalom (hra divadelná) - Garamszegi, Alexander (autor) - Humenné (rodák) - Nemzeti szinház, Budapest (pôsobenie) - priemera úspešná - Budapest (HU) - január 1914 - správy 
773 0 |t Homonna és Vidéke : Hetilap  |g Roč. 14, č. 3 (18.01.1914) s. 2 
957 |a Budapest (HU) 
957 |a Humenné 
958 |a DG 
958 |a SK 
974 |a Ba  |d 20020518 
992 |a RBX 
BAS
998 |a RETRO